000 02665 a2200169 4500
003 OSt
005 20260204121936.0
008 260204b |||||||| |||| 00| 0 eng d
020 _a9789391558048
100 _a गोडबोले ए.
_9216591
245 _aसावरकर विचारदर्शन
260 _bभारतीय विचार साधना प्रकाशन
_c1983
_aपुणे
300 _a342pp.
500 _aहिंदुत्व की अवधारणा: सावरकर के अनुसार, हिंदुत्व केवल धर्म नहीं, बल्कि एक संस्कृति और राष्ट्रवाद का आधार है। इसमें सभी भारतीय मूल के धर्म शामिल हैं, जो पूरे भारतीय उपमहाद्वीप को एक 'हिंदू राष्ट्र' के रूप में देखते हैं। राष्ट्रवाद और सुरक्षा: सावरकर के विचारों में सशक्त राष्ट्र के लिए सैन्यीकरण और आधुनिक औद्योगिक तकनीक का महत्व निहित है। वैज्ञानिक दृष्टिकोण: वे अंधविश्वास के खिलाफ थे और देश की प्रगति के लिए तर्कसंगत (rational) सोच पर जोर देते थे। अखंड भारत: उनका मानना था कि भारत को भौगोलिक और सांस्कृतिक रूप से अखंड होना चाहिए।
520 _aडॉ. अरविंद गोडबोले द्वारा लिखित मराठी पुस्तक "सावरकर विचार दर्शन" (1983) स्वातंत्र्यवीर सावरकर के राजनीतिक, सामाजिक और राष्ट्रवादी विचारों का गहन विश्लेषण करती है। यह पुस्तक सावरकर की हिंदुत्व, अखंड भारत, वैज्ञानिक दृष्टिकोण और राष्ट्र की सुरक्षा संबंधी विचारधाराओं को समझने के लिए एक महत्वपूर्ण स्रोत है।
942 _cBK
_2ddc
999 _c370096
_d370096